Catálogo Biblioteca Central

Ciudad y calidad de vida (Registro nro. 141)

Detalles MARC
000 -CABECERA
campo de control de longitud fija 00792naa a2200217 i 4500
001 - NÚMERO DE CONTROL
campo de control 141
003 - IDENTIFICADOR DEL NÚMERO DE CONTROL
campo de control ES-MaBCM
005 - FECHA Y HORA DE LA ÚLTIMA TRANSACCIÓN
campo de control 20241016090431.0
008 - CÓDIGOS DE INFORMACIÓN DE LONGITUD FIJA
campo de control de longitud fija 871112s1987 esp 000 0 spa d
021 ## -
-- xx
035 ## - NÚMERO DE CONTROL DEL SISTEMA
Número de control de sistema (OCoLC)1365227678
040 ## - FUENTE DE LA CATALOGACIÓN
Centro transcriptor ES-MaBCM
041 0# - CÓDIGO DE LENGUA
Código de lengua del texto/banda sonora o título independiente spa
043 ## - CÓDIGO DE ÁREA GEOGRÁFICA
Código de área geográfica esp
245 00 - MENCIÓN DE TÍTULO
Título Ciudad y calidad de vida
520 ## - SUMARIO, ETC.
Sumario etc. Varios artículos: J.A. Corraliza Rodríguez "La ciudad y la calidad de vida". A. Blanco Abarca "El hecho urbano: su significado psicosocial". M. Castells "Reestructuración económica, revolución tecnológica y nueva organización del territorio", etc
650 27 - PUNTO DE ACCESO ADICIONAL DE MATERIA--TÉRMINO DE MATERIA
Término de materia o nombre geográfico como elemento inicial Ciudad
9 (RLIN) 57920
650 #7 - PUNTO DE ACCESO ADICIONAL DE MATERIA--TÉRMINO DE MATERIA
Término de materia o nombre geográfico como elemento inicial Calidad de la vida
9 (RLIN) 57797
773 0# - ENLACE AL DOCUMENTO FUENTE
Encabezamiento principal En:
Título Documentación social
Lugar editor y fecha de publicación Madrid : 1987
Número de control del registro relacionado 104759
Parte(s) relacionada(s) nº 67, abril-junio, p.9-257
942 ## - ELEMENTOS DE PUNTO DE ACCESO ADICIONAL (KOHA)
Tipo de ítem Koha Artículos de revistas
Existencias
Estado de retiro Estado de pérdida Estado dañado No para préstamo Localización permanente Ubicación/localización actual Fecha de adquisición Total de préstamos Precio válido a partir de Tipo de ítem Koha
        Biblioteca Central del Ministerio de la Presidencia Biblioteca Central del Ministerio de la Presidencia 21/04/2012   21/04/2012 Artículos de revistas